[Event "Lisbon-ch final"]
[Site "Lisbon"]
[Date "2007.06.21"]
[Round "4"]
[White "Lima, Didier"]
[Black "Fernandes, Andre Goncalo"]
[Result "1/2-1/2"]
[WhiteElo "1960"]
[BlackElo "1555"]
[PlyCount "58"]
[EventDate "2007.06.15"]
[EventType "swiss"]
[EventRounds "9"]
[EventCountry "POR"]
[SourceTitle "EXT 2018"]
[Source "ChessBase"]
[SourceDate "2017.10.13"]
[SourceVersion "1"]
[SourceVersionDate "2017.10.13"]
[SourceQuality "1"]

1. e4 e5 2. Nf3 Nc6 3. Bb5 a6 4. Ba4 Nf6 5. 0-0 b5 6. Bb3 Be7 7. Re1 0-0 8. c3 d6 9. h3 Bb7 10. d4 exd4 11. cxd4 h6 12. Nbd2 Re8 13. Nf1 Bf8 14. Ng3 g6 15. Nh4 Nxe4 16. Rxe4 Rxe4 17. Bxf7+ Kxf7 18. Qf3+ Qf6 19. Qxf6+ Kxf6 20. Nxe4+ Kf7 21. Be3 Nxd4 22. Nxd6+ Bxd6 23. Bxd4 Be7 24. g3 Bxh4 25. gxh4 Rd8 26. Be3 h5 27. Rc1 Rd7 28. Bf4 c6 29. Kh2 Rd4 1/2-1/2